00602nam a22002177a 450000500170000001000130001702000100003003500130004003700160005304000120006908200150008110000170009624500560011326000440016927000510021330000250026450000200028965000370030965000180034670000200036420170124110226.0 aA-904889 c85.00 aA-904889 bCen Lib/Ret aDPLbEN a025.3bKUM aKumar Girja  aBibliography /cby Girja Kumar [and] Krishna Kumar  aNew DelhibVikas publishing housec1976 bNew Delhia576, Masjid Road, Jangpura e110014 avii,272p.c21cm(pbk) aIncludes index  aLibaray and information science  aBibliography  aKumar, Krishna